LEADER 01192nam0-22003491i-450- 001 990000770210403321 005 20070207123710.0 010 $a88-435-1981-6 035 $a000077021 035 $aFED01000077021 035 $a(Aleph)000077021FED01 035 $a000077021 100 $a20020821d1986----km-y0itay50------ba 101 0 $aita 102 $aIT 105 $ay-------001yy 200 1 $aProgetto Bicocca$e[concorso internazionale di progettazione urbanistica e architettonica ideato e relizzato per iniziativa dalle industrie Pirelli]$f[progetti di] Gae Aulenti ... [et al.]$g[catalogo a cura di Bernardo Secchi] 210 $aMilano$cElecta$dc1986 215 $a305 p.$cill.$d29 cm 300 $aLa mostra: Progetto Bicocca à stata presentata alla Triennale di Milano dal 14 giugno al 28 settembre 1986 610 0 $aProgetto Bicocca 676 $a725.074 676 $a711.074 702 1$aAulenti,$bGae$f<1927-2012> 702 1$aSecchi,$bBernardo$f<1934- > 801 0$aIT$bUNINA$gRICA$2UNIMARC 901 $aBK 912 $a990000770210403321 952 $aURB.LE C 74$bINV.1959$fFARBC 959 $aFARBC 996 $aProgetto Bicocca$9117096 997 $aUNINA LEADER 00999nam0-2200349-i-450- 001 990009200640403321 005 20100618145721.0 010 $a978-0-470-52587-6$bpaperback 035 $a000920064 035 $aFED01000920064 035 $a(Aleph)000920064FED01 035 $a000920064 100 $a20100618d2009----km-y0itay50------ba 101 0 $aeng 102 $aUS 105 $aa---a---001yy 200 1 $aMathematical methods in biology$fJ. David Logan, William R. Wolesensky 210 $aHoboken, N. J.$cJohn Wiley & Sons$d2009 215 $aXIII, 417 p.$d24 cm 225 1 $aPure and applied mathematics 610 0 $aBiomatematica 676 $a570.15$v22 700 1$aLogan,$bJ. David$048876 701 1$aWolesensky,$bWilliam R.$0508246 801 0$aIT$bUNINA$gREICAT$2UNIMARC 901 $aBK 912 $a990009200640403321 952 $aMAI-92-030$b24343$fMA1 959 $aMA1 962 $a92-XX 996 $aMathematical methods in biology$9774937 997 $aUNINA